000 00361nam a2200145Ia 4500
005 20250729165732.0
008 250729s2012 xx 000 0 und d
041 _aeng
082 _a420.25 SHAT
100 _aDr.R A.Sharma
_9231721
245 _aTeaching of English
260 _aMeerut
_bR Lal Book Depot
_c2012
300 _a594p
650 _aEnglish
_9231722
999 _c239423
_d239423